ताकि शेष रहे मन:(नारी मन और जीवन से जुड़ी कहानियाँ ) / (Record no. 12195)

MARC details
000 -LEADER
fixed length control field 01257 a2200241 4500
005 - DATE AND TIME OF LATEST TRANSACTION
control field 20080828095624.0
008 - FIXED-LENGTH DATA ELEMENTS--GENERAL INFORMATION
fixed length control field 080828t xxu||||| |||| 00| 0 hin d
010 ## - LCCN (DPL NO)
LC control number HIN-83341
020 ## - INTERNATIONAL STANDARD BOOK NUMBER
Terms of availability 275.00
International Standard Book Number 8187377154
035 ## - SYSTEM CONTROL NUMBER
System control number HN-55687
037 ## - SOURCE OF ACQUISITION
Source of stock number/acquisition पु.प्र.अ.प्र /प्रका
082 ## - DEWEY DECIMAL CLASSIFICATION NUMBER
Classification number
100 ## - MAIN ENTRY--PERSONAL NAME
Personal name राव, सी. भास्कर
245 ## - TITLE STATEMENT
Title ताकि शेष रहे मन:(नारी मन और जीवन से जुड़ी कहानियाँ ) /
Statement of responsibility, etc सी. भास्कर राव
246 ## - VARYING FORM OF TITLE
Title proper/short title Taki Shesh Rahe man
Remainder of title by C. Bhaskar Roy
260 ## - PUBLICATION, DISTRIBUTION, ETC. (IMPRINT)
Place of publication, distribution, etc नई दिल्ली
Name of publisher, distributor, etc गीता इन्टरप्राईज़
Date of publication, distribution, etc 2006
270 ## - ADDRESS
Address जे-436, बलजीत नगर,प्रेम नगर रोड
City नई दिल्ली
Postal code 8
State or province दिल्ली
Telephone number 9212419624
300 ## - PHYSICAL DESCRIPTION
Extent 280पृ
Dimensions 22 सेमी (सजिल्द)
650 ## - SUBJECT ADDED ENTRY--TOPICAL TERM
Topical term or geographic name as entry element हिन्दी कहानियाँ
650 ## - SUBJECT ADDED ENTRY--TOPICAL TERM
Topical term or geographic name as entry element Hindi Stories
942 ## - ADDED ENTRY ELEMENTS (KOHA)
Institution code [OBSOLETE] dpl
Item type Hindi Books
Call number prefix क / रावसी
Source of classification or shelving scheme Dewey Decimal Classification
Classification part
Call number suffix रावसी
Holdings
Withdrawn status Lost status Damaged status Not for loan Home library Current library Date acquired Cost, normal purchase price Total Checkouts Full call number Barcode Date last seen Copy number Cost, replacement price Koha item type
        D.B.Act.Division D.B.Act.Division   275.00   क रावसी HN-55687 15/09/2008 1 275.00 Hindi Books

© Delhi Public Library
Hit Counter
free hit counter